[Event "C.to Provinciale BS"]
[Site "Ghedi ITA"]
[Date "2015.02.01"]
[Round "6"]
[White "Peloni, Davide"]
[Black "Brugaletta, Giorgio"]
[WhiteElo "1416"]
[BlackElo "1737"]
[Result "1/2-1/2"]
[PlyCount "105"]
[EventDate "2015.01.24"]

1. e4 e6 2. d4 d5 3. e5 c5 4. c3 Nc6 5. Nf3 Qb6 6. Qa4 Bd7 7. Bb5 Rc8 8. Qb3
Nxe5 9. Bxd7+ Nxd7 10. Qxb6 Nxb6 11. Be3 Nc4 12. b3 Nxe3 13. fxe3 Nf6 14. Rf1
Ne4 15. Ne5 f6 16. Nd3 Bd6 17. Nd2 Nxc3 18. Rc1 cxd4 19. exd4 Kd7 20. Rc2 Nb5
21. Nc5+ Bxc5 22. dxc5 b6 23. b4 Rc6 24. Nb3 e5 25. a4 Nd4 26. Nxd4 exd4 27.
Kd2 bxc5 28. bxc5 Rb8 29. Kd3 Rb4 30. Ra1 a5 31. Rcc1 Re6 32. Rcb1 Re3+ 33. Kd2
Kc6 34. Rc1 Rb2+ 35. Kd1 Ree2 36. Rcb1 Rxg2 37. Kc1 Rbc2+ 38. Kd1 d3 39. Rb6+
Kxc5 40. Re6 Rxh2 41. Ra3 Ra2 42. Rxa2 Rxa2 43. Re3 Rxa4 44. Rh3 h6 45. Kd2
Ra2+ 46. Kc1 Kc4 47. Kb1 Re2 48. Rh1 d2 49. Kc2 d4 50. Rh4 a4 51. Rh3 d3+ 52.
Kd1 Kc3 53. Rxd3+ 1/2-1/2

[Event "C.to Provinciale MI"]
[Site "Milano ITA"]
[Date "2015.01.24"]
[Round "1"]
[White "Carli, Federico"]
[Black "Fantina, Carla"]
[WhiteElo "1671"]
[BlackElo "1350"]
[Result "1-0"]
[PlyCount "85"]
[EventDate "2015.01.24"]

1. e4 d6 2. d4 Nf6 3. Bd3 g6 4. Nf3 Bg7 5. O-O O-O 6. Bf4 h6 7. h3 Nc6 8. Qd2
Kh7 9. c3 e6 10. Na3 a6 11. Nc2 b5 12. e5 dxe5 13. Nxe5 Nxe5 14. Bxe5 Bb7 15.
Ne3 c6 16. a4 Qd7 17. Rfd1 Rfd8 18. Qc2 Rac8 19. Bxf6 Bxf6 20. Ng4 Bg7 21. Ne5
Qe7 22. Bxg6+ fxg6 23. Nxg6 Qc7 24. Ne7+ Kh8 25. Nxc8 Qxc8 26. Re1 Qd7 27. Qg6
Re8 28. f4 Re7 29. Re2 Bc8 30. Rae1 bxa4 31. f5 Bf8 32. f6 Rh7 33. Rxe6 Qf7 34.
Qxf7 Rxf7 35. Re8 Bf5 36. Ra8 Rxf6 37. Rf1 h5 38. g4 hxg4 39. hxg4 Rg6 40. Rxf5
Rxg4+ 41. Kf2 Rh4 42. Ke2 Rh2+ 43. Rf2 1-0

[Event "C.to Provinciale MI"]
[Site "Milano ITA"]
[Date "2015.01.24"]
[Round "1"]
[White "Cerioni, Armando"]
[Black "Pipitone, Filippo Massimo"]
[WhiteElo "1923"]
[BlackElo "1545"]
[Result "1-0"]
[PlyCount "31"]
[EventDate "2015.01.24"]

1. Nf3 d5 2. d4 c6 3. c4 Nf6 4. Qc2 e6 5. g3 Nbd7 6. Bg2 Be7 7. O-O O-O 8. b3
h6 9. Bb2 Re8 10. Nc3 Bf8 11. Rad1 Nb6 12. Ne5 Bd6 13. c5 Bxc5 14. dxc5 Nbd7
15. Nxd7 Bxd7 16. e4 1-0

[Event "C.to Provinciale MI"]
[Site "Milano ITA"]
[Date "2015.01.24"]
[Round "1"]
[White "Izzo, Riccardo"]
[Black "Pelizzola, Danilo"]
[WhiteElo "1647"]
[BlackElo "2053"]
[Result "0-1"]
[PlyCount "68"]
[EventDate "2015.01.24"]

1. d4 Nf6 2. Bg5 d5 3. Nd2 Bf5 4. Bxf6 exf6 5. e3 Nd7 6. Ngf3 c6 7. c3 Bd6 8.
Be2 O-O 9. O-O h6 10. c4 dxc4 11. Nxc4 Bc7 12. Bd3 Bg4 13. h3 Be6 14. b3 Nb6
15. Nxb6 Bxb6 16. Rc1 Qd6 17. Qe2 Rad8 18. Rfd1 Rfe8 19. Nd2 Bc7 20. f4 Bc8 21.
Qf3 Qe7 22. Re1 Ba5 23. Qf2 Bb4 24. Rc4 c5 25. dxc5 Bxc5 26. Re4 Qd7 27. Bc4 b5
28. Bf1 Rxe4 29. Nxe4 Bb4 30. Rc1 Qe7 31. Nc3 a6 32. Kh1 Bb7 33. Be2 Rc8 34.
Qe1 Qxe3 0-1

[Event "C.to Provinciale MI"]
[Site "Milano ITA"]
[Date "2015.01.24"]
[Round "1"]
[White "Maccari, Piergiuseppe"]
[Black "Madaschi, Sergio"]
[WhiteElo "1714"]
[BlackElo "1498"]
[Result "1-0"]
[PlyCount "31"]
[EventDate "2015.01.24"]

1. Nf3 Nf6 2. g3 b6 3. Bg2 Bb7 4. O-O e6 5. c4 c5 6. Nc3 Be7 7. e3 O-O 8. d4 d5
9. b3 Nbd7 10. Bb2 a6 11. Qe2 Qc7 12. Rac1 Rac8 13. Ne5 Nxe5 14. dxe5 Qxe5 15.
Nxd5 Qc7 16. Nxc7 1-0

[Event "C.to Provinciale MI"]
[Site "Milano ITA"]
[Date "2015.01.24"]
[Round "1"]
[White "Myftaraj, Ylli"]
[Black "Mazzoccoli, Simone"]
[WhiteElo "1542"]
[BlackElo "1760"]
[Result "0-1"]
[PlyCount "146"]
[EventDate "2015.01.24"]

1. d4 Nf6 2. Nf3 g6 3. c4 Bg7 4. Nc3 d6 5. e3 O-O 6. Be2 Nbd7 7. O-O e5 8. dxe5
Nxe5 9. Nxe5 dxe5 10. Qxd8 Rxd8 11. Rd1 Be6 12. Bd2 Bf5 13. Be1 c6 14. f3 Bh6
15. Kf2 Bc2 16. Rxd8+ Rxd8 17. Bd1 Bf5 18. g4 Be6 19. Be2 Bf8 20. Rd1 Rxd1 21.
Nxd1 e4 22. b3 exf3 23. Bxf3 Nxg4+ 24. Bxg4 Bxg4 25. Nc3 Be6 26. e4 Be7 27. Kf3
g5 28. Bg3 f6 29. Nd1 h5 30. Ke3 Bc5+ 31. Kd3 f5 32. exf5 Bxf5+ 33. Kc3 a5 34.
Bc7 b6 35. Nb2 g4 36. Na4 Bg1 37. Nxb6 h4 38. a3 g3 39. hxg3 h3 40. g4 Bxg4 41.
Na4 h2 42. Bxh2 Bxh2 43. b4 axb4+ 44. axb4 Be5+ 45. Kc2 Be2 46. Kb3 Kf7 47. Nc3
Bf3 48. Kc2 Ke6 49. Na4 Bd4 50. Kd3 Ke5 51. c5 Bf2 52. Nc3 Be1 53. b5 Bxc3 54.
bxc6 Ba5 55. c7 Bxc7 56. Kc4 Bc6 57. Kc3 Kd5 58. Kb4 Kd4 59. Kb3 Kxc5 60. Kc3
Bd5 61. Kd3 Be5 62. Ke3 Kc4 63. Kd2 Bd4 64. Kc2 Be3 65. Kd1 Kd3 66. Ke1 Bg2 67.
Kd1 Bf2 68. Kc1 Kc3 69. Kb1 Bd5 70. Kc1 Bf3 71. Kb1 Kb3 72. Ka1 Bd1 73. Kb1
Bc2+ 0-1

[Event "C.to Provinciale MI"]
[Site "Milano ITA"]
[Date "2015.01.24"]
[Round "1"]
[White "Nicolo', Filippo"]
[Black "Longo, Giovanni"]
[WhiteElo "2063"]
[BlackElo "1662"]
[Result "1-0"]
[PlyCount "45"]
[EventDate "2015.01.24"]

1. e4 c6 2. Nc3 d5 3. Nf3 Bg4 4. h3 Bh5 5. exd5 cxd5 6. Bb5+ Nc6 7. g4 Bg6 8.
Ne5 Qd6 9. d4 a6 10. Bxc6+ bxc6 11. Bf4 Qe6 12. O-O f6 13. Nxg6 hxg6 14. Qd3 f5
15. Rfe1 Qc8 16. Na4 Ra7 17. g5 Rh4 18. Qg3 Rxf4 19. Qxf4 Qc7 20. Re5 Kf7 21.
Nc5 e6 22. Nxe6 Qb8 23. Rxf5+ 1-0

[Event "C.to Provinciale MI"]
[Site "Milano ITA"]
[Date "2015.01.24"]
[Round "1"]
[White "Pedroli, Marco"]
[Black "Cozzolino, Angelo"]
[WhiteElo "1603"]
[BlackElo "1941"]
[Result "0-1"]
[PlyCount "94"]
[EventDate "2015.01.24"]

1. e4 e5 2. Nf3 Nf6 3. Nxe5 d6 4. Nf3 Nxe4 5. c4 Be7 6. d4 d5 7. Bd3 Nc6 8. O-O
O-O 9. cxd5 Qxd5 10. Nc3 Nxc3 11. bxc3 Bg4 12. Bf4 Bxf3 13. Qxf3 Qxf3 14. gxf3
Bd6 15. Bg3 Ne7 16. Rfe1 Nd5 17. c4 Nb4 18. Be4 Nc6 19. Bxd6 cxd6 20. Bxc6 bxc6
21. Re7 c5 22. dxc5 dxc5 23. Rae1 a5 24. Rc7 Rac8 25. Ree7 g6 26. Kf1 Kg7 27.
Ke2 Rxc7 28. Rxc7 Rb8 29. Rxc5 Rb2+ 30. Ke3 Rxa2 31. Rd5 Kf6 32. h4 Ke6 33. f4
a4 34. Ra5 a3 35. Kd4 Rxf2 36. Rxa3 Rxf4+ 37. Kc5 Rxh4 38. Rd3 Rh1 39. Kc6 Rc1
40. c5 h5 41. Re3+ Kf6 42. Kd6 h4 43. c6 g5 44. c7 Rc2 45. Kd7 g4 46. c8=Q Rxc8
47. Kxc8 h3 0-1

[Event "C.to Provinciale MI"]
[Site "Milano ITA"]
[Date "2015.01.24"]
[Round "1"]
[White "Pirovano, Ezio"]
[Black "Spelta, Andrea"]
[WhiteElo "1505"]
[BlackElo "1746"]
[Result "0-1"]
[PlyCount "104"]
[EventDate "2015.01.24"]

1. d4 Nf6 2. c4 g6 3. Nc3 Bg7 4. e4 O-O 5. Nf3 d6 6. Be2 e5 7. O-O Nc6 8. d5
Ne7 9. Ne1 Ne8 10. f3 f5 11. Be3 f4 12. Bf2 h5 13. Nd3 g5 14. c5 Nf6 15. h3 Qe8
16. cxd6 cxd6 17. Kh2 Qg6 18. g3 fxg3+ 19. Bxg3 Qh6 20. Qc1 Ng6 21. Rg1 Nf4 22.
Nxf4 exf4 23. Bf2 g4 24. Bd4 g3+ 25. Kg2 Ne8 26. Bxg7 Qxg7 27. Nb5 a6 28. Na3
Bd7 29. Qc3 Qxc3 30. bxc3 b5 31. Nc2 Rc8 32. Nb4 a5 33. Nc6 Bxc6 34. dxc6 Rxc6
35. Bxb5 Rxc3 36. Bxe8 Rxe8 37. Rgd1 Rc2+ 38. Kg1 Rc6 39. Rd5 Re5 40. Rad1 Rxd5
41. Rxd5 Rc1+ 42. Kg2 Rc2+ 43. Kf1 Rf2+ 44. Kg1 Rxf3 45. Rxa5 Re3 46. Rg5+ Kh7
47. Rxh5+ Kg6 48. Rd5 Rxe4 49. Rxd6+ Kg5 50. Rd2 f3 51. Kf1 g2+ 52. Kg1 Re1+
0-1

[Event "C.to Provinciale MI"]
[Site "Milano ITA"]
[Date "2015.01.24"]
[Round "1"]
[White "Podetti, Davide"]
[Black "Dicuonzo, Antonio"]
[WhiteElo "1976"]
[BlackElo "1617"]
[Result "1-0"]
[PlyCount "35"]
[EventDate "2015.01.24"]

1. e4 c5 2. Nc3 g6 3. g3 Bg7 4. Bg2 Nc6 5. d3 e6 6. f4 Nge7 7. Nf3 O-O 8. O-O
d6 9. Be3 a6 10. h3 Bd7 11. g4 Qc7 12. Qd2 Rad8 13. f5 exf5 14. gxf5 gxf5 15.
Bh6 Qc8 16. Nd5 Nxd5 17. Qg5 fxe4 18. Qxg7# 1-0

[Event "C.to Provinciale MI"]
[Site "Milano ITA"]
[Date "2015.01.24"]
[Round "1"]
[White "Valdettaro, Filippo"]
[Black "Bonghi, Fabrizio"]
[WhiteElo "1754"]
[BlackElo "1518"]
[Result "1-0"]
[PlyCount "45"]
[EventDate "2015.01.24"]

1. e4 e6 2. d4 d5 3. e5 b6 4. Nf3 Bb7 5. Bd3 Ne7 6. O-O Nf5 7. c3 c5 8. Re1 Nc6
9. Bxf5 exf5 10. e6 Be7 11. exf7+ Kxf7 12. Qe2 Re8 13. Qe6+ Kf8 14. Qxf5+ Kg8
15. Na3 Rf8 16. Qe6+ Kh8 17. Nc2 cxd4 18. Ncxd4 Nxd4 19. Nxd4 Bc5 20. Be3 Rf6
21. Qh3 Bxd4 22. Bxd4 Rh6 23. Qxh6 1-0

[Event "C.to Provinciale MI"]
[Site "Milano ITA"]
[Date "2015.01.24"]
[Round "1"]
[White "Valtemara, Mattia Angelo"]
[Black "Colica, Daniele"]
[WhiteElo "1468"]
[BlackElo "1705"]
[Result "1-0"]
[PlyCount "99"]
[EventDate "2015.01.24"]

1. e4 b6 2. d4 Bb7 3. Nc3 e6 4. Nf3 Bb4 5. Bd3 Nf6 6. e5 Ne4 7. Bd2 Nxd2 8.
Qxd2 c5 9. dxc5 bxc5 10. a3 Qa5 11. Be2 Nc6 12. O-O Bxc3 13. Qxc3 Qxc3 14. bxc3
O-O 15. Rfd1 Rfd8 16. Rd6 Kf8 17. Rad1 Ke7 18. Rb1 Nxe5 19. Nxe5 Kxd6 20. Nxf7+
Kc7 21. Nxd8 Rxd8 22. Rd1 d5 23. Rd3 Ba6 24. Re3 Bxe2 25. Rxe2 Rb8 26. g3 Kd6
27. Rd2 Rb1+ 28. Kg2 Ra1 29. c4 Rxa3 30. cxd5 exd5 31. Rd1 a5 32. Rb1 a4 33.
Rb7 Rc3 34. Rxg7 Rxc2 35. Ra7 Ra2 36. Rxh7 a3 37. Rh6+ Ke5 38. Rh5+ Ke4 39.
Rh4+ Kd3 40. g4 c4 41. g5 c3 42. g6 Re2 43. g7 Re8 44. Rh8 c2 45. Rxe8 c1=Q 46.
g8=Q Qc6 47. Qg3+ Kc2 48. Re2+ Kc1 49. Qxa3+ Kd1 50. Qd3+ 1-0

[Event "C.to Provinciale MI"]
[Site "Milano ITA"]
[Date "2015.01.25"]
[Round "2"]
[White "Bonghi, Fabrizio"]
[Black "Izzo, Riccardo"]
[WhiteElo "1518"]
[BlackElo "1647"]
[Result "0-1"]
[PlyCount "48"]
[EventDate "2015.01.24"]

1. f4 d5 2. e3 Nf6 3. Nf3 e6 4. d4 Nbd7 5. Be2 Be7 6. O-O O-O 7. c4 b6 8. b3
Bb7 9. Bb2 c5 10. Nbd2 dxc4 11. Nxc4 Nd5 12. Qd2 N7f6 13. Nfe5 cxd4 14. Bxd4
Ne4 15. Qb2 Bc5 16. Rfd1 Qe7 17. Bd3 Bxd4 18. Qxd4 Nc5 19. Ng4 h6 20. e4 Nxf4
21. Qe3 Ncxd3 22. Rxd3 Nxd3 23. Nxh6+ gxh6 24. Qxh6 Qc5+ 0-1

[Event "C.to Provinciale MI"]
[Site "Milano ITA"]
[Date "2015.01.25"]
[Round "2"]
[White "Colica, Daniele"]
[Black "Myftaraj, Ylli"]
[WhiteElo "1705"]
[BlackElo "1542"]
[Result "1/2-1/2"]
[PlyCount "151"]
[EventDate "2015.01.24"]

1. Nf3 c6 2. b3 d5 3. Bb2 Nf6 4. e3 g6 5. c4 Bg7 6. Be2 O-O 7. O-O b6 8. cxd5
cxd5 9. d4 Bb7 10. Nc3 e6 11. Rc1 a6 12. Ne5 Nbd7 13. Qd2 Rc8 14. Na4 Ne4 15.
Qb4 b5 16. Nxd7 Rxc1 17. Rxc1 Qxd7 18. f3 bxa4 19. fxe4 axb3 20. Qxb3 dxe4 21.
Qb6 Bd5 22. Bxa6 Bxa2 23. Bb5 Qd8 24. Qa6 Qa8 25. Rc7 Qxa6 26. Bxa6 Bd5 27. Bc4
Rb8 28. Ba3 Bxc4 29. Rxc4 Bf8 30. Bc5 Rb3 31. Kf2 Bh6 32. d5 exd5 33. Ra4 Rb8
34. Ke1 Rc8 35. Ra5 Bg7 36. Kd2 h5 37. Rb5 Be5 38. h3 Rd8 39. Bb6 Rd7 40. Ba5
Bf6 41. Bc3 d4 42. exd4 Bxd4 43. Bxd4 Rxd4+ 44. Ke3 Ra4 45. Rg5 Kg7 46. Re5 f5
47. Re6 Kh6 48. h4 Ra1 49. Re7 Rg1 50. Kf2 Rh1 51. g3 Rb1 52. Ke3 Rb3+ 53. Kf2
Rf3+ 54. Kg2 Rd3 55. Kf2 Rd8 56. Ke2 Rg8 57. Ke3 Rg7 58. Re6 Rf7 59. Kf4 Ra7
60. Ke3 Kg7 61. Ke2 Kf7 62. Rb6 Re7 63. Ke3 Re6 64. Rb7+ Kf6 65. Rb5 g5 66. Rb8
gxh4 67. gxh4 Rd6 68. Kf4 Re6 69. Ke3 f4+ 70. Kxf4 e3 71. Rb1 e2 72. Re1 Re8
73. Kf3 Kf5 74. Rxe2 Rxe2 75. Kxe2 Kg4 76. Kf2 1/2-1/2

[Event "C.to Provinciale MI"]
[Site "Milano ITA"]
[Date "2015.01.25"]
[Round "2"]
[White "Cozzolino, Angelo"]
[Black "Maccari, Piergiuseppe"]
[WhiteElo "1941"]
[BlackElo "1714"]
[Result "1-0"]
[PlyCount "53"]
[EventDate "2015.01.24"]

1. d4 Nf6 2. c4 g6 3. Nc3 d5 4. cxd5 Nxd5 5. e4 Nxc3 6. bxc3 Bg7 7. Be3 O-O 8.
Rc1 c5 9. Qd2 Qa5 10. Nf3 Rd8 11. Bd3 Bg4 12. d5 Nd7 13. c4 Qa3 14. O-O Bxf3
15. gxf3 Qa6 16. Be2 e6 17. Rfd1 Qd6 18. Rb1 b6 19. f4 e5 20. fxe5 Bxe5 21. f4
Bd4 22. e5 Bxe3+ 23. Qxe3 Qe7 24. Bg4 Nf6 25. Bf3 Rac8 26. Re1 Re8 27. Qf2 1-0

[Event "C.to Provinciale MI"]
[Site "Milano ITA"]
[Date "2015.01.25"]
[Round "2"]
[White "Dicuonzo, Antonio"]
[Black "Pirovano, Ezio"]
[WhiteElo "1617"]
[BlackElo "1505"]
[Result "1/2-1/2"]
[PlyCount "56"]
[EventDate "2015.01.24"]

1. d4 Nf6 2. c4 e6 3. a3 b6 4. Nc3 Bb7 5. Bg5 Be7 6. Nf3 O-O 7. e3 Ne4 8. Nxe4
Bxe4 9. Bxe7 Qxe7 10. Bd3 Bxd3 11. Qxd3 d6 12. O-O Nd7 13. Rfd1 Rfd8 14. b4 Nf8
15. Rac1 c5 16. b5 Ng6 17. a4 e5 18. dxe5 dxe5 19. Qc2 Rxd1+ 20. Rxd1 Rd8 21.
Rxd8+ Qxd8 22. Qd2 Qxd2 23. Nxd2 Ne7 24. Kf1 Nc8 25. Ke2 Kf8 26. Kd3 Ke7 27. f3
Nd6 28. e4 f6 1/2-1/2

[Event "C.to Provinciale MI"]
[Site "Milano ITA"]
[Date "2015.01.25"]
[Round "2"]
[White "Madaschi, Sergio"]
[Black "Pedroli, Marco"]
[WhiteElo "1498"]
[BlackElo "1603"]
[Result "1-0"]
[PlyCount "63"]
[EventDate "2015.01.24"]

1. e4 d5 2. exd5 Qxd5 3. Nc3 Qa5 4. d4 Nf6 5. Nf3 Bg4 6. h3 Bh5 7. Be2 c6 8.
Bd2 Qc7 9. Bc4 e6 10. Qe2 Be7 11. O-O-O O-O 12. g4 Bg6 13. Ne5 Nbd7 14. Nxg6
hxg6 15. h4 b5 16. Bb3 a5 17. a3 Nb6 18. h5 b4 19. Ne4 bxa3 20. Nxf6+ gxf6 21.
hxg6 axb2+ 22. Kxb2 Nd5 23. gxf7+ Kxf7 24. Rh7+ Ke8 25. Bxd5 cxd5 26. Qxe6 Qd6
27. Qxd6 Bxd6 28. Re1+ Kd8 29. Re6 Ra6 30. Bxa5+ Rxa5 31. Rxd6+ Ke8 32. Rdd7
1-0

[Event "C.to Provinciale MI"]
[Site "Milano ITA"]
[Date "2015.01.25"]
[Round "2"]
[White "Pelizzola, Danilo"]
[Black "Valdettaro, Filippo"]
[WhiteElo "2053"]
[BlackElo "1754"]
[Result "0-1"]
[PlyCount "96"]
[EventDate "2015.01.24"]

1. e4 e6 2. d4 d5 3. exd5 exd5 4. Bd3 Nc6 5. Nf3 Bd6 6. O-O Nge7 7. Re1 Bg4 8.
c3 h6 9. h3 Be6 10. Nbd2 O-O 11. Ne5 Nxe5 12. dxe5 Bc5 13. Nf3 Nf5 14. Qc2 Nh4
15. Qe2 Nxf3+ 16. Qxf3 Qh4 17. Be3 Bxe3 18. Rxe3 b6 19. a3 c5 20. Rae1 Qg5 21.
Qe2 Rfe8 22. Bc2 Rad8 23. Qd3 g6 24. Qf1 d4 25. f4 Qh4 26. Rf3 Bc4 27. Qf2
Qxf2+ 28. Kxf2 d3 29. Bd1 Ba6 30. Ree3 c4 31. Kg3 Bb7 32. Rf1 b5 33. Kf2 h5 34.
h4 Kg7 35. Rfe1 Bd5 36. Rg3 Be6 37. Re4 Kh6 38. Rd4 Rd7 39. Rxd7 Bxd7 40. Ke3
Rd8 41. Kd2 Bc6 42. Rg5 Bd7 43. Bf3 Bf5 44. Rg3 a5 45. Bc6 Rb8 46. Re3 b4 47.
cxb4 axb4 48. a4 c3+ 0-1

[Event "C.to Provinciale MI"]
[Site "Milano ITA"]
[Date "2015.01.25"]
[Round "2"]
[White "Pipitone, Filippo Massimo"]
[Black "Uccelli, Federico"]
[WhiteElo "1545"]
[BlackElo "1453"]
[Result "1-0"]
[PlyCount "53"]
[EventDate "2015.01.24"]

1. d4 d5 2. c4 c6 3. Nc3 Nf6 4. Nf3 Bf5 5. e3 e6 6. Bd2 Nbd7 7. h3 Bd6 8. Nh4
Bg6 9. Nxg6 fxg6 10. Bd3 O-O 11. O-O Nh5 12. Qc2 Ndf6 13. Rae1 Ng4 14. f4 Nh6
15. Rf3 Qh4 16. Ne2 Nf5 17. g4 Nxe3 18. Rxe3 Bxf4 19. Nxf4 Nxf4 20. Bf1 Rf6 21.
Bb4 Rd8 22. Be7 Rdf8 23. Bxf6 Rxf6 24. cxd5 h5 25. dxe6 hxg4 26. e7 gxh3 27.
e8=Q+ 1-0

[Event "C.to Provinciale MI"]
[Site "Milano ITA"]
[Date "2015.01.25"]
[Round "2"]
[White "Spelta, Andrea"]
[Black "Podetti, Davide"]
[WhiteElo "1746"]
[BlackElo "1976"]
[Result "1/2-1/2"]
[PlyCount "63"]
[EventDate "2015.01.24"]

1. Nf3 Nf6 2. g3 d5 3. Bg2 Bg4 4. Ne5 Bh5 5. d4 e6 6. O-O Be7 7. c4 c6 8. Nc3
O-O 9. Qb3 Qc8 10. Bd2 Nbd7 11. Nxd7 Qxd7 12. Rac1 Ne4 13. Nxe4 dxe4 14. Bxe4
Qxd4 15. Qc2 f5 16. Bf3 Bf7 17. Rfd1 Qb6 18. Be3 Qa6 19. Rd7 Bf6 20. Qb3 Rab8
21. Bc5 Rfd8 22. Rcd1 e5 23. Rxd8+ Rxd8 24. Rxd8+ Bxd8 25. Qd3 Qa5 26. b4 e4
27. bxa5 exd3 28. exd3 Bxa5 29. Bxa7 b5 30. Bxc6 bxc4 31. dxc4 Bxc4 32. a4
1/2-1/2

[Event "C.to Provinciale MI"]
[Site "Milano ITA"]
[Date "2015.01.25"]
[Round "2"]
[White "Valtemara, Mattia Angelo"]
[Black "Cerioni, Armando"]
[WhiteElo "1468"]
[BlackElo "1923"]
[Result "0-1"]
[PlyCount "38"]
[EventDate "2015.01.24"]

1. e4 d6 2. d4 Nf6 3. Nc3 e5 4. dxe5 dxe5 5. Qxd8+ Kxd8 6. Bg5 Be6 7. O-O-O+
Nbd7 8. Nf3 Bd6 9. Kb1 Ke7 10. Bb5 Rad8 11. Rhe1 c6 12. Bf1 Rhe8 13. a3 h6 14.
Bc1 Bc5 15. Rd2 b5 16. b3 Bg4 17. Red1 b4 18. Na4 Nxe4 19. Re2 f5 0-1

[Event "C.to Provinciale MI"]
[Site "Milano ITA"]
[Date "2015.01.25"]
[Round "3"]
[White "Cerioni, Armando"]
[Black "Cozzolino, Angelo"]
[WhiteElo "1923"]
[BlackElo "1941"]
[Result "1/2-1/2"]
[PlyCount "71"]
[EventDate "2015.01.24"]

1. e4 e5 2. Nf3 Nf6 3. Nxe5 d6 4. Nf3 Nxe4 5. c4 Be7 6. d4 d5 7. Bd3 Nc6 8. Nc3
Nxc3 9. bxc3 O-O 10. Qc2 h6 11. O-O Be6 12. Nd2 Bf6 13. Rb1 b6 14. cxd5 Bxd5
15. Ne4 Rc8 16. Nxf6+ Qxf6 17. Be3 Ne7 18. Rfd1 Ng6 19. c4 Bc6 20. d5 Bd7 21.
Be4 Nh4 22. Bd4 Qg5 23. Rd3 Nf5 24. Bb2 Rfe8 25. Rf3 Qe7 26. Re1 Qb4 27. Bc3
Qxc4 28. Bxf5 Bxf5 29. Qxf5 Qxc3 30. Rxe8+ Rxe8 31. Qxf7+ Kh7 32. g3 Re1+ 33.
Kg2 Qc4 34. Qf5+ Kh8 35. Qf8+ Kh7 36. Qf5+ 1/2-1/2

[Event "C.to Provinciale MI"]
[Site "Milano ITA"]
[Date "2015.01.25"]
[Round "3"]
[White "Fantina, Carla"]
[Black "Madaschi, Sergio"]
[WhiteElo "1350"]
[BlackElo "1498"]
[Result "0-1"]
[PlyCount "68"]
[EventDate "2015.01.24"]

1. c4 Nf6 2. g3 e6 3. Bg2 c5 4. Nc3 Nc6 5. e4 d6 6. Nge2 Ne5 7. O-O Nxc4 8.
Qa4+ Bd7 9. Qxc4 Bc6 10. d4 d5 11. exd5 exd5 12. Qd3 c4 13. Qd1 Be7 14. Nf4 a6
15. Nh5 O-O 16. Nxf6+ Bxf6 17. Be3 Qd7 18. b3 b5 19. a3 Rab8 20. b4 Ra8 21. a4
bxa4 22. Nxa4 Bxa4 23. Rxa4 Rfc8 24. Ra5 Rab8 25. Rxd5 Qe7 26. Qa4 Rxb4 27. Rd7
Rxa4 28. Rxe7 Bxe7 29. Rb1 h6 30. Bh3 Rd8 31. Rb7 Bf6 32. Rd7 Rxd7 33. Bxd7
Ra1+ 34. Kg2 c3 0-1

[Event "C.to Provinciale MI"]
[Site "Milano ITA"]
[Date "2015.01.25"]
[Round "3"]
[White "Maccari, Piergiuseppe"]
[Black "Pipitone, Filippo Massimo"]
[WhiteElo "1714"]
[BlackElo "1545"]
[Result "1-0"]
[PlyCount "107"]
[EventDate "2015.01.24"]

1. Nf3 d5 2. g3 e6 3. Bg2 Nf6 4. O-O c5 5. d4 Be7 6. c4 O-O 7. cxd5 exd5 8. Nc3
Nc6 9. Bf4 a6 10. Rc1 Be6 11. dxc5 d4 12. Na4 Nh5 13. Nb6 Ra7 14. Bd2 Nf6 15.
Qc2 Re8 16. Rfd1 Nd5 17. Nxd5 Bxd5 18. b4 Bf6 19. Re1 Be4 20. Qb3 Bd5 21. Qa4
Be4 22. Rcd1 Qe7 23. Bf4 g5 24. Bd6 Qe6 25. Nd2 Bxg2 26. Kxg2 Qf5 27. Nf3 Raa8
28. Qb3 Qe4 29. Kg1 Qg4 30. a3 h5 31. Qd5 Re4 32. h3 Qe6 33. Qxe6 Rxe6 34. e3
dxe3 35. Rxe3 Rae8 36. Rxe6 Rxe6 37. Re1 Nd4 38. Rxe6 Nxe6 39. Ne5 Bxe5 40.
Bxe5 g4 41. hxg4 hxg4 42. Kf1 Kf8 43. Ke2 Ke7 44. Kd3 f5 45. Kc4 Kd7 46. Kd5
Nd8 47. a4 Ne6 48. b5 axb5 49. axb5 Nd8 50. Bf6 Nf7 51. c6+ bxc6+ 52. bxc6+ Kc8
53. Ke6 Nh6 54. Be5 1-0

[Event "C.to Provinciale MI"]
[Site "Milano ITA"]
[Date "2015.01.25"]
[Round "3"]
[White "Myftaraj, Ylli"]
[Black "Valtemara, Mattia Angelo"]
[WhiteElo "1542"]
[BlackElo "1468"]
[Result "1/2-1/2"]
[PlyCount "69"]
[EventDate "2015.01.24"]

1. d4 d5 2. Nf3 Nf6 3. c4 c6 4. e3 e6 5. Nc3 Nbd7 6. Be2 dxc4 7. Bxc4 b5 8. Be2
Bb7 9. O-O Bd6 10. e4 e5 11. dxe5 Nxe5 12. Nxe5 Bxe5 13. Qxd8+ Rxd8 14. f3 O-O
15. Be3 Bd4 16. Bxd4 Rxd4 17. Rad1 Rfd8 18. Rxd4 Rxd4 19. Rd1 Rxd1+ 20. Bxd1 a5
21. a3 b4 22. Na4 bxa3 23. bxa3 Nd7 24. Bb3 c5 25. Kf2 Kf8 26. Nb2 Nb6 27. Ke3
Ke7 28. g3 f6 29. h4 Ba6 30. f4 Kd6 31. g4 h6 32. g5 hxg5 33. hxg5 fxg5 34.
fxg5 Ke5 35. Na4 1/2-1/2

[Event "C.to Provinciale MI"]
[Site "Milano ITA"]
[Date "2015.01.25"]
[Round "3"]
[White "Nicolo', Filippo"]
[Black "Spelta, Andrea"]
[WhiteElo "2063"]
[BlackElo "1746"]
[Result "1/2-1/2"]
[PlyCount "60"]
[EventDate "2015.01.24"]

1. e4 e6 2. d4 d5 3. exd5 exd5 4. c4 Nc6 5. cxd5 Qxd5 6. Nf3 Bb4+ 7. Nc3 Nge7
8. Be2 O-O 9. O-O Qd8 10. h3 Nd5 11. Qd3 Nce7 12. Bg5 c6 13. a3 Bxc3 14. bxc3
f6 15. Bd2 Bf5 16. Qc4 Be6 17. Qa4 Nb6 18. Qc2 Bf7 19. c4 Ng6 20. a4 a5 21.
Rab1 Qc7 22. Qb3 Ra6 23. Rfc1 Rb8 24. Bf1 Nc8 25. d5 Qd7 26. Qe3 cxd5 27. cxd5
Raa8 28. Bb5 Qxd5 29. Bc4 Qd7 30. Bxf7+ Qxf7 1/2-1/2

[Event "C.to Provinciale MI"]
[Site "Milano ITA"]
[Date "2015.01.25"]
[Round "3"]
[White "Pedroli, Marco"]
[Black "Bonghi, Fabrizio"]
[WhiteElo "1603"]
[BlackElo "1518"]
[Result "1-0"]
[PlyCount "63"]
[EventDate "2015.01.24"]

1. e4 e5 2. Nf3 Nc6 3. Bb5 d6 4. O-O Nf6 5. Re1 Be7 6. Nc3 O-O 7. Bf1 Nd4 8.
Nxd4 exd4 9. Nd5 c5 10. Nxe7+ Qxe7 11. d3 b5 12. h3 a5 13. Bg5 b4 14. Qf3 Re8
15. a3 Bb7 16. Bxf6 Qxf6 17. Qxf6 gxf6 18. g3 Kh8 19. Bg2 Rg8 20. Kh2 Bc6 21.
b3 Bd7 22. e5 Ra6 23. exf6 Rg6 24. Re7 Be6 25. Re8+ Rg8 26. Rxg8+ Kxg8 27. axb4
cxb4 28. Re1 a4 29. bxa4 Rxa4 30. Bd5 Ra2 31. Bxa2 Bxa2 32. Re8# 1-0

[Event "C.to Provinciale MI"]
[Site "Milano ITA"]
[Date "2015.01.25"]
[Round "3"]
[White "Pirovano, Ezio"]
[Black "Colica, Daniele"]
[WhiteElo "1505"]
[BlackElo "1705"]
[Result "1-0"]
[PlyCount "103"]
[EventDate "2015.01.24"]

1. d4 b6 2. e4 Bb7 3. Bd3 e6 4. Nf3 c5 5. c3 cxd4 6. cxd4 Bb4+ 7. Bd2 Qe7 8.
O-O Nf6 9. a3 Bxd2 10. Nbxd2 d5 11. e5 Nfd7 12. Qc2 Nc6 13. Rac1 g5 14. h3 h5
15. Bb5 Rc8 16. Qa4 g4 17. Bxc6 Bxc6 18. Rxc6 Rxc6 19. Qxc6 gxf3 20. Qc8+ Qd8
21. Qxd8+ Kxd8 22. Nxf3 f6 23. exf6 Nxf6 24. Ne5 Rh7 25. Rc1 Rc7 26. Rxc7 Kxc7
27. g4 hxg4 28. hxg4 Ne4 29. f4 Kd6 30. g5 Ke7 31. Nc6+ Kf7 32. Nxa7 Ng3 33.
Kf2 Nh5 34. Kf3 Kg6 35. Kg4 Ng7 36. Nc8 Nf5 37. Nxb6 Nxd4 38. Nd7 Nb3 39. Ne5+
Kg7 40. f5 exf5+ 41. Kxf5 Nd4+ 42. Kg4 Nb3 43. Nd3 Kg6 44. Kf4 d4 45. Ne5+ Kg7
46. g6 Kf6 47. Ke4 Kg7 48. a4 Nc5+ 49. Kxd4 Nxa4 50. b4 Nb6 51. Kc5 Na4+ 52.
Kc6 1-0